| 000 -ლიდერი |
| ფიქსირებული სიგრძის საკონტროლო ველი |
01235nam a2200217Ia 4500 |
| 001 - საკონტროლო ნომერი |
| საკონტროლო ველი |
5801 |
| 003 - საკონტროლო ნომრის იდენტიფიკატორი |
| საკონტროლო ველი |
GE_BSU |
| 005 - ბოლო ოპერაციის თარიღი და დრო |
| საკონტროლო ველი |
20190611145555.0 |
| 008 - ფიქსირებული სიგრძის მონაცემთა ელემენტები - ზოგადი ინფორმაცია |
| ფიქსირებული სიგრძის საკონტროლო ველი |
181216s1962||||ge |||||||||||||| ||geo|| |
| 040 ## - კატალოგიზაციის წყარო |
| Transcribing agency |
GE_BSU |
| 080 ## - უნივერსალური ათობითი კლასიფიკაციის ინდექსი |
| Universal Decimal Classification number |
514.18(072) + 744(076.1) მ-20 |
| 100 ## - მთავარი ჩანაწერი - პიროვნების სახელი |
| Personal name |
მალანია, ი. |
| 9 (RLIN) |
2208 |
| 245 ## - ცნობა სათაურის შესახებ |
| Title |
ზედაპირების სიბრტყეზე გაფენა : |
| Remainder of title |
მეთოდური მითითებები, საილუსტრაციო მაგალითები, საკონტროლო მოცემულობები /და სავარჯიშო მოცემულობები. |
| Statement of responsibility, etc |
ი.მალანია, ა. აგლაძე ; რედ. ა. გულისაშვილი |
| 264 ## - წარმოების, გამოცემის, დისტრიბუციის და სხვა ცნობები |
| გამოცემის, წარმოების, დისტრიბუციის... ადგილი |
თბილისი : |
| გამოცემის, წარმოების, დისტრიბუციის... სახელწოდება |
სპი, |
| გამოცემის, წარმოების, დისტრიბუციის... თარიღი |
1962. |
| 300 ## - ფიზიკური აღწერა |
| Extent |
104 გვ. : |
| Other physical details |
ნახაზები ; |
| Dimensions |
27 სმ. |
| 504 ## - BIBLIOGRAPHY, ETC. NOTE |
| Bibliography, etc |
ბიბლიოგრ. : გვ.103. |
| 653 ## - INDEX TERM--UNCONTROLLED |
| Uncontrolled term |
ზედაპირების სიბრტყეზე განფენა. |
| 700 ## - ADDED ENTRY--PERSONAL NAME |
| Personal name |
აგლაძე, ა. |
| Relator term |
ავტორი |
| 9 (RLIN) |
2209 |
| 700 ## - ADDED ENTRY--PERSONAL NAME |
| Personal name |
გულისაშვილი, ა. |
| Relator term |
რედაქტორი |
| 9 (RLIN) |
1618 |
| 942 ## - ADDED ENTRY ELEMENTS (KOHA) |
| Koha item type |
წიგნი |
| Source of classification or shelving scheme |
|